[Event "COL-chT"]
[Site "Ibague"]
[Date "2018.10.12"]
[Round "4.2"]
[White "Lopez Ramirez, David Santiago"]
[Black "Suarez, Luis Humberto"]
[Result "1/2-1/2"]
[WhiteElo "1823"]
[BlackElo "2024"]
[PlyCount "101"]
[EventDate "2018.10.11"]
[EventType "team-swiss"]
[EventRounds "6"]
[EventCountry "COL"]
[SourceTitle "CBM 186 Extra"]
[Source "ChessBase"]
[SourceDate "2018.08.24"]
[SourceVersion "1"]
[SourceVersionDate "2018.08.24"]
[SourceQuality "1"]
[WhiteTeam "Cundinamarca Juniors"]
[BlackTeam "Tolima Cajamarca"]
[WhiteTeamCountry "COL"]
[BlackTeamCountry "COL"]

1. d4 Nf6 2. c4 e6 3. g3 c5 4. Nf3 cxd4 5. Nxd4 d5 6. Bg2 Bb4+ 7. Bd2 Bxd2+ 8. Nxd2 0-0 9. cxd5 Nxd5 10. 0-0 Nf4 11. gxf4 Qxd4 12. e3 Qxb2 13. Nc4 Qb4 14. Nd6 Rd8 15. Nxc8 Rxd1 16. Rfxd1 Nc6 17. Rab1 Qf8 18. Nd6 Nd8 19. Nxb7 Rb8 20. Nxd8 Rxb1 21. Rxb1 Qxd8 22. Rb7 g5 23. Rxa7 Qd1+ 24. Bf1 gxf4 25. exf4 Qg4+ 26. Bg2 Qxf4 27. Ra8+ Kg7 28. a4 e5 29. a5 e4 30. a6 Qc1+ 31. Bf1 e3 32. Re8 exf2+ 33. Kxf2 Qf4+ 34. Kg2 Qg5+ 35. Kf2 Qf4+ 36. Kg2 h5 37. Re2 h4 38. Kg1 Kh6 39. Rf2 Qe3 40. h3 f5 41. Bg2 Qd4 42. Bb7 Kg5 43. Bc8 f4 44. Bb7 Qe3 45. Bf3 Kf6 46. Kg2 Qa3 47. Rc2 Ke5 48. Re2+ Kd4 49. Rd2+ Kc3 50. Re2 Qxa6 51. Rf2 1/2-1/2

[Event "COL-chT"]
[Site "Ibague"]
[Date "2018.10.11"]
[Round "1.2"]
[White "Cadena, Juan Manuel"]
[Black "Suarez, Luis Humberto"]
[Result "1/2-1/2"]
[WhiteElo "2091"]
[BlackElo "2024"]
[PlyCount "89"]
[EventDate "2018.10.11"]
[EventType "team-swiss"]
[EventRounds "6"]
[EventCountry "COL"]
[SourceTitle "CBM 186 Extra"]
[Source "ChessBase"]
[SourceDate "2018.08.24"]
[SourceVersion "1"]
[SourceVersionDate "2018.08.24"]
[SourceQuality "1"]
[WhiteTeam "Boyaca II"]
[BlackTeam "Tolima Cajamarca"]
[WhiteTeamCountry "COL"]
[BlackTeamCountry "COL"]

1. e4 c5 2. Nf3 d6 3. d4 cxd4 4. Nxd4 Nf6 5. Nc3 a6 6. Be2 e6 7. Be3 Qc7 8. g4 h6 9. h4 b5 10. f3 b4 11. Nb1 d5 12. exd5 Nxd5 13. Bf2 Bb7 14. a3 Bd6 15. axb4 Bxb4+ 16. c3 Bd6 17. Rg1 g5 18. Nd2 Nd7 19. Ne4 Bf4 20. Qa4 Kf8 21. c4 N5f6 22. Nxf6 Nxf6 23. c5 Bd5 24. b4 Qe5 25. Qa3 Kg7 26. h5 Rhd8 27. Kf1 Rdb8 28. Rd1 Kg8 29. Nc2 Ne8 30. Bd4 Qc7 31. Qc3 Rd8 32. Kf2 Bh2 33. Rg2 Bc6 34. Ra1 Bb5 35. Re1 Bf4 36. Bxb5 axb5 37. Kf1 Qc6 38. Rge2 Ra2 39. Kg2 Qd5 40. Bf2 Bd2 41. Qd4 Bxe1 42. Qxd5 Rxd5 43. Bxe1 Rd8 44. Bf2 Nc7 45. Kf1 1/2-1/2

[Event "COL-chT"]
[Site "Ibague"]
[Date "2018.10.11"]
[Round "2.8"]
[White "Suarez, Luis Humberto"]
[Black "Lozada Zuniga, Andres"]
[Result "1-0"]
[WhiteElo "2024"]
[BlackElo "1928"]
[PlyCount "57"]
[EventDate "2018.10.11"]
[EventType "team-swiss"]
[EventRounds "6"]
[EventCountry "COL"]
[SourceTitle "EXT 2024"]
[Source "ChessBase"]
[SourceDate "2023.10.10"]
[SourceVersion "1"]
[SourceVersionDate "2023.10.10"]
[SourceQuality "1"]
[WhiteTeam "Tolima Cajamarca"]
[BlackTeam "Meta"]
[WhiteTeamCountry "COL"]
[BlackTeamCountry "COL"]

1. e4 g6 2. Nc3 Bg7 3. d4 d6 4. Be3 c6 5. a4 Qa5 6. Qd2 Nf6 7. f3 b5 8. b4 Qxb4 9. axb5 0-0 10. Bd3 e5 11. Ra4 Qb2 12. dxe5 Nfd7 13. Nge2 Nc5 14. Bxc5 dxc5 15. 0-0 c4 16. Bxc4 cxb5 17. Bxb5 Nc6 18. Rb1 Qxb1+ 19. Nxb1 Nxe5 20. Nbc3 Bb7 21. Rd4 a6 22. Ba4 Rac8 23. Bb3 a5 24. Nd5 Rc5 25. Ne7+ Kh8 26. Rd8 Ba6 27. Qd6 Bxe2 28. Rxf8+ Bxf8 29. Qxc5 1-0

[Event "COL-chT"]
[Site "Ibague"]
[Date "2017.07.19"]
[Round "1.2"]
[White "Cruz Beltran, Andres Euclides"]
[Black "Suarez, Luis Humberto"]
[Result "1-0"]
[WhiteElo "1665"]
[BlackElo "2063"]
[PlyCount "47"]
[EventDate "2017.07.19"]
[EventType "team-swiss"]
[EventRounds "6"]
[EventCountry "COL"]
[SourceTitle "CBM 179 Extra"]
[Source "ChessBase"]
[SourceDate "2017.08.23"]
[SourceVersion "1"]
[SourceVersionDate "2017.08.23"]
[SourceQuality "1"]
[WhiteTeam "Cundinamarca Juvenil"]
[BlackTeam "Tolima V"]
[WhiteTeamCountry "COL"]
[BlackTeamCountry "COL"]

1. e4 e5 2. Nf3 Nf6 3. Nxe5 d6 4. Nf3 Nxe4 5. d3 Nf6 6. Nc3 d5 7. Bg5 Be7 8. Qd2 0-0 9. 0-0-0 d4 10. Bxf6 Bxf6 11. Ne4 Be6 12. Kb1 Be7 13. c3 c5 14. c4 Nc6 15. h4 a6 16. Nfg5 Bf5 17. Qf4 Bd7 18. Be2 f5 19. Ng3 b5 20. Bf3 g6 21. Bd5+ Kg7 22. Bxc6 Bxg5 23. hxg5 Bxc6 24. Qe5+ 1-0

[Event "COL-ch"]
[Site "Quibdo"]
[Date "2015.11.14"]
[Round "8"]
[White "Rico, Oswaldo"]
[Black "Suarez, Luis Humberto"]
[Result "0-1"]
[WhiteElo "1974"]
[BlackElo "2056"]
[PlyCount "88"]
[EventDate "2015.11.10"]
[EventType "swiss"]
[EventRounds "9"]
[EventCountry "COL"]
[SourceTitle "CBM 169 Extra"]
[Source "ChessBase"]
[SourceDate "2015.12.18"]
[SourceVersion "1"]
[SourceVersionDate "2015.12.18"]
[SourceQuality "1"]

1. e4 c5 2. Nc3 Nc6 3. g3 d6 4. Bg2 g6 5. d3 Bg7 6. Nge2 Nf6 7. 0-0 0-0 8. h3 Rb8 9. f4 Bd7 10. Be3 b5 11. e5 dxe5 12. Bxc5 Qc7 13. Be3 b4 14. Ne4 Nd5 15. Bc1 Qb6+ 16. Kh2 Ne3 17. Bxe3 Qxe3 18. Rb1 h6 19. Qd2 Qb6 20. fxe5 Nxe5 21. Qf4 Rbc8 22. Qd2 Bc6 23. Ng1 f5 24. Nf2 Bxg2 25. Kxg2 Qc6+ 26. Kh2 Qxc2 27. Qe3 Qc7 28. Rbc1 Qd7 29. Rfd1 Nf7 30. Ne2 e5 31. b3 h5 32. Rc4 Bh6 33. Qf3 a5 34. h4 Rfe8 35. d4 e4 36. Qg2 Qd5 37. Nf4 Qd6 38. N2h3 Ne5 39. dxe5 Qxd1 40. Nxg6 Rxc4 41. bxc4 Qd2 42. Nhf4 Qxg2+ 43. Kxg2 Kf7 44. e6+ Rxe6 0-1

[Event "COL-ch"]
[Site "Quibdo"]
[Date "2015.11.13"]
[Round "7"]
[White "Suarez, Luis Humberto"]
[Black "Lora, Joel Fernando"]
[Result "0-1"]
[WhiteElo "2056"]
[BlackElo "2130"]
[PlyCount "56"]
[EventDate "2015.11.10"]
[EventType "swiss"]
[EventRounds "9"]
[EventCountry "COL"]
[SourceTitle "CBM 169 Extra"]
[Source "ChessBase"]
[SourceDate "2015.12.18"]
[SourceVersion "1"]
[SourceVersionDate "2015.12.18"]
[SourceQuality "1"]

1. d4 Nf6 2. c4 e6 3. Nf3 b6 4. g3 Ba6 5. Qa4 c6 6. Nc3 Be7 7. Bg2 0-0 8. 0-0 d5 9. Ne5 Qe8 10. Re1 Bxc4 11. Nxc4 b5 12. Nd6 Bxd6 13. Qc2 b4 14. Na4 Nfd7 15. e4 Qc8 16. Be3 Nb6 17. Nc5 Nc4 18. Bc1 Nd7 19. Nd3 Rb8 20. b3 Na5 21. Bd2 Qa6 22. Rac1 Rfc8 23. Qb1 g6 24. exd5 cxd5 25. Rxc8+ Qxc8 26. a3 Nc6 27. axb4 Nxd4 28. Rc1 Ne2+ 0-1

[Event "COL-ch rapid"]
[Site "Quibdo"]
[Date "2015.11.09"]
[Round "4"]
[White "Suarez, Luis Humberto"]
[Black "Otero Martinez, Daniel"]
[Result "0-1"]
[WhiteElo "2056"]
[BlackElo "2185"]
[PlyCount "66"]
[EventDate "2015.11.09"]
[EventType "swiss (rapid)"]
[EventRounds "9"]
[EventCountry "COL"]
[SourceTitle "CBM 169 Extra"]
[Source "ChessBase"]
[SourceDate "2015.12.18"]
[SourceVersion "1"]
[SourceVersionDate "2015.12.18"]
[SourceQuality "1"]

1. e4 e6 2. d4 d5 3. Nc3 Nf6 4. Bg5 Bb4 5. e5 h6 6. Bd2 Bxc3 7. Bxc3 Ne4 8. Nf3 c5 9. Bd3 Nxc3 10. bxc3 Qa5 11. Qd2 Nc6 12. dxc5 Qxc5 13. 0-0 0-0 14. Rfe1 Bd7 15. Nd4 Rac8 16. Re3 Qe7 17. Rae1 f5 18. exf6 Rxf6 19. Nf3 Qc5 20. c4 d4 21. Re4 Rcf8 22. R1e2 Kh8 23. h3 Qd6 24. Ne5 Nxe5 25. Rxe5 b6 26. Qe1 Qc7 27. Qb4 Bc8 28. c5 Rxf2 29. Rxf2 Rxf2 30. Qxd4 Rf6 31. Qe4 g5 32. Qd4 Kg7 33. Rxe6 Bxe6 0-1

[Event "COL-ch blitz"]
[Site "Quibdo"]
[Date "2015.11.08"]
[Round "15"]
[White "Martinez, Jorge Alexander"]
[Black "Suarez, Luis Humberto"]
[Result "1/2-1/2"]
[WhiteElo "2064"]
[BlackElo "2056"]
[PlyCount "121"]
[EventDate "2015.11.08"]
[EventType "swiss (blitz)"]
[EventRounds "18"]
[EventCountry "COL"]
[SourceTitle "CBM 169 Extra"]
[Source "ChessBase"]
[SourceDate "2015.12.18"]
[SourceVersion "1"]
[SourceVersionDate "2015.12.18"]
[SourceQuality "1"]

1. e4 Nc6 2. f4 d6 3. Nf3 g6 4. d4 Bg4 5. Be3 Bg7 6. Be2 Nf6 7. Nbd2 0-0 8. 0-0 d5 9. e5 Ne4 10. Nxe4 dxe4 11. Ng5 Bxe2 12. Qxe2 Nxd4 13. Qf2 Nf5 14. Nxe4 Qd5 15. Nc3 Qc4 16. Rad1 Rad8 17. g4 Nxe3 18. Qxe3 a5 19. b3 Qc6 20. Rd2 Rxd2 21. Qxd2 Qe6 22. h3 h5 23. Qe2 hxg4 24. hxg4 Rd8 25. Ne4 Rd4 26. c3 Rd8 27. Rd1 Rxd1+ 28. Qxd1 Qc6 29. Qd3 Bf8 30. Kh2 b6 31. Kg3 b5 32. f5 gxf5 33. gxf5 Qh6 34. Qf3 Bg7 35. f6 exf6 36. exf6 Qg6+ 37. Qg4 Bh6 38. Kf3 Kh7 39. Qxg6+ Kxg6 40. Kg4 Bc1 41. a4 c6 42. c4 bxa4 43. bxa4 Bb2 44. Kf4 Bxf6 45. Nd6 Bc3 46. Nc8 f5 47. Ne7+ Kf6 48. Nxc6 Bd2+ 49. Kf3 Ke6 50. Nd4+ Ke5 51. Nb3 Bb4 52. Ke3 f4+ 53. Kf3 Bc3 54. c5 Kd5 55. Kxf4 Be5+ 56. Kf5 Bc7 57. Kf6 Kc4 58. Nxa5+ Bxa5 59. c6 Kb4 60. Ke6 Kxa4 61. Kd7 1/2-1/2

[Event "COL-ch blitz"]
[Site "Quibdo"]
[Date "2015.11.08"]
[Round "17"]
[White "Suarez, Luis Humberto"]
[Black "Zuluaga Mancilla, Cesar"]
[Result "0-1"]
[WhiteElo "2056"]
[BlackElo "2263"]
[PlyCount "120"]
[EventDate "2015.11.08"]
[EventType "swiss (blitz)"]
[EventRounds "18"]
[EventCountry "COL"]
[SourceTitle "CBM 169 Extra"]
[Source "ChessBase"]
[SourceDate "2015.12.18"]
[SourceVersion "1"]
[SourceVersionDate "2015.12.18"]
[SourceQuality "1"]

1. e4 c5 2. Nf3 a6 3. c4 e6 4. Nc3 Qc7 5. d4 cxd4 6. Nxd4 Nf6 7. Bd3 Nc6 8. Nxc6 dxc6 9. 0-0 e5 10. h3 Bc5 11. Qe2 h6 12. Be3 Qe7 13. a3 Be6 14. Na4 Bxe3 15. Qxe3 Rd8 16. b4 Rd4 17. Rac1 0-0 18. Nc5 Rfd8 19. Rfd1 Bxc4 20. Bc2 b6 21. Na4 Qc7 22. Nb2 Be6 23. Qe2 Qb7 24. Rxd4 Rxd4 25. Rd1 c5 26. f4 exf4 27. bxc5 bxc5 28. Rxd4 cxd4 29. e5 Nd7 30. Na4 Qc6 31. Qd3 g6 32. Bb3 Bxb3 33. Qxb3 Nxe5 34. Qb8+ Kh7 35. Qxe5 Qxa4 36. Qxf4 Qc4 37. a4 Qd5 38. h4 h5 39. a5 d3 40. Qd2 Qd4+ 41. Kf1 Kg7 42. g3 Qe4 43. Kf2 Qd4+ 44. Kf3 Kf6 45. Qg5+ Ke6 46. Qd2 Qg4+ 47. Kf2 Qf5+ 48. Ke3 Qe5+ 49. Kxd3 Qd5+ 50. Kc2 Qxd2+ 51. Kxd2 Kf5 52. Ke3 Kg4 53. Kf2 f6 54. Kg2 g5 55. hxg5 fxg5 56. Kf2 Kh3 57. Kf3 g4+ 58. Kf4 h4 59. gxh4 g3 60. h5 g2 0-1

[Event "COL-ch blitz"]
[Site "Quibdo"]
[Date "2015.11.08"]
[Round "18"]
[White "Zuluaga Mancilla, Cesar"]
[Black "Suarez, Luis Humberto"]
[Result "1-0"]
[WhiteElo "2263"]
[BlackElo "2056"]
[PlyCount "69"]
[EventDate "2015.11.08"]
[EventType "swiss (blitz)"]
[EventRounds "18"]
[EventCountry "COL"]
[SourceTitle "CBM 169 Extra"]
[Source "ChessBase"]
[SourceDate "2015.12.18"]
[SourceVersion "1"]
[SourceVersionDate "2015.12.18"]
[SourceQuality "1"]

1. d4 d5 2. Nf3 Nf6 3. c4 e6 4. Nc3 c5 5. e3 Nc6 6. a3 a6 7. cxd5 exd5 8. Be2 cxd4 9. Nxd4 Bd6 10. 0-0 0-0 11. Nxc6 bxc6 12. Bf3 Qe7 13. Ne2 Rb8 14. Ng3 a5 15. b3 Qe5 16. Ra2 Re8 17. Bb2 Qg5 18. Bc3 Bc7 19. Re1 Be6 20. Rb2 c5 21. Qd2 h5 22. Bxa5 Bxa5 23. Qxa5 h4 24. Nf1 Ne4 25. Rc1 Ra8 26. Qc7 Rec8 27. Qf4 Qxf4 28. exf4 Rxa3 29. Ne3 f5 30. g4 g6 31. h3 Rb8 32. Bxe4 fxe4 33. Rxc5 d4 34. Nc4 Raxb3 35. Rxb3 1-0

[Event "Bogota University op 9th"]
[Site "Bogota"]
[Date "2015.10.12"]
[Round "9"]
[White "Suarez, Luis Humberto"]
[Black "Quishpe Vaca, Andres"]
[Result "0-1"]
[WhiteElo "2056"]
[BlackElo "1940"]
[PlyCount "66"]
[EventDate "2015.10.08"]
[EventType "swiss"]
[EventRounds "9"]
[EventCountry "COL"]
[SourceTitle "CBM 168 Extra"]
[Source "ChessBase"]
[SourceDate "2015.10.29"]
[SourceVersion "1"]
[SourceVersionDate "2015.10.29"]
[SourceQuality "1"]

1. e4 Nf6 2. e5 Nd5 3. d4 d6 4. Nf3 g6 5. Be2 Bg7 6. exd6 cxd6 7. 0-0 0-0 8. c4 Nb6 9. Nc3 Bg4 10. b3 Nc6 11. Be3 d5 12. c5 Nc8 13. h3 Bxf3 14. Bxf3 e6 15. Qd2 N8e7 16. Rad1 Nf5 17. Ne2 Nxe3 18. Qxe3 b6 19. a3 a5 20. Nc3 Rb8 21. Na4 b5 22. Nb6 Rxb6 23. cxb6 Qxb6 24. Rc1 Bxd4 25. Qf4 Bb2 26. Qd6 Bxc1 27. Rxc1 Rc8 28. Be2 Qb7 29. Bg4 Nd4 30. Re1 Qc7 31. Qa6 Qc6 32. Qa7 Nxb3 33. Re3 d4 0-1

[Event "Bogota University op 9th"]
[Site "Bogota"]
[Date "2015.10.11"]
[Round "7"]
[White "Suarez, Luis Humberto"]
[Black "Gemy Vargas, Jose Daniel"]
[Result "0-1"]
[WhiteElo "2056"]
[BlackElo "2418"]
[PlyCount "62"]
[EventDate "2015.10.08"]
[EventType "swiss"]
[EventRounds "9"]
[EventCountry "COL"]
[SourceTitle "CBM 168 Extra"]
[Source "ChessBase"]
[SourceDate "2015.10.29"]
[SourceVersion "1"]
[SourceVersionDate "2015.10.29"]
[SourceQuality "1"]

1. e4 e5 2. Nf3 Nc6 3. Bc4 Bc5 4. 0-0 Nf6 5. d3 d6 6. c3 Bg4 7. Re1 Bb6 8. Nbd2 Ne7 9. Nf1 c6 10. h3 Bd7 11. Bb3 Ng6 12. d4 0-0 13. Ng3 h6 14. Be3 Bc7 15. dxe5 dxe5 16. Qd2 Nf4 17. Rad1 Qc8 18. Bxf4 exf4 19. e5 fxg3 20. exf6 Bb6 21. Re7 Bxh3 22. Ne5 Qf5 23. Nxf7 Qxf6 24. Nxh6+ Kh7 25. Rf7 Rxf7 26. Nxf7 Qxf2+ 27. Qxf2 gxf2+ 28. Kf1 Bg4 29. Rd6 g6 30. Bc2 Re8 31. Ng5+ Kh8 0-1

[Event "Bogota University op 9th"]
[Site "Bogota"]
[Date "2015.10.08"]
[Round "2"]
[White "Zuluaga Mancilla, Cesar"]
[Black "Suarez, Luis Humberto"]
[Result "1-0"]
[WhiteElo "2344"]
[BlackElo "2056"]
[PlyCount "87"]
[EventDate "2015.10.08"]
[EventType "swiss"]
[EventRounds "9"]
[EventCountry "COL"]
[SourceTitle "CBM 168 Extra"]
[Source "ChessBase"]
[SourceDate "2015.10.29"]
[SourceVersion "1"]
[SourceVersionDate "2015.10.29"]
[SourceQuality "1"]

1. d4 Nf6 2. Nf3 d5 3. Bf4 e6 4. e3 Be7 5. Nbd2 0-0 6. Bd3 b6 7. Ne5 c5 8. c3 Bb7 9. 0-0 Nbd7 10. Qf3 Re8 11. Rad1 Qc8 12. Rfe1 Ba6 13. Bb1 b5 14. Rc1 Bb7 15. Bg5 Nxe5 16. dxe5 Nd7 17. Bxe7 Rxe7 18. Qh3 Nf8 19. f4 Qc7 20. Nf3 Rd8 21. Qh4 Rde8 22. Ng5 h6 23. Nh3 Qb6 24. Nf2 b4 25. b3 Ng6 26. Qg3 bxc3 27. Rxc3 d4 28. Rcc1 dxe3 29. Rxe3 Rd7 30. Bxg6 fxg6 31. Qxg6 Red8 32. Rg3 c4 33. h4 cxb3 34. axb3 Rf8 35. Qxh6 Bd5 36. Rd1 Qb4 37. Nh3 Rfd8 38. Qg5 a5 39. Kh2 Qe4 40. h5 Rb8 41. h6 Qc2 42. Rxd5 exd5 43. e6 Rdb7 44. e7 1-0

[Event "Medellin Flores op 22nd"]
[Site "Medellin"]
[Date "2015.08.08"]
[Round "7"]
[White "Suarez, Luis Humberto"]
[Black "Arboleda Orozco, Juan M"]
[Result "1-0"]
[WhiteElo "2100"]
[BlackElo "1950"]
[PlyCount "93"]
[EventDate "2015.08.05"]
[EventType "swiss"]
[EventRounds "9"]
[EventCountry "COL"]
[SourceTitle "EXT 2016"]
[Source "ChessBase"]
[SourceDate "2015.10.08"]
[SourceVersion "1"]
[SourceVersionDate "2015.10.08"]
[SourceQuality "1"]

1. d4 Nf6 2. c4 g6 3. Nc3 Bg7 4. e4 d6 5. f3 0-0 6. Be3 e5 7. Nge2 Nbd7 8. Qd2 c6 9. 0-0-0 Qa5 10. Kb1 b5 11. cxb5 cxb5 12. Nc1 a6 13. a3 Rb8 14. N1a2 Qc7 15. Rc1 Qb7 16. d5 Nc5 17. Qf2 Nb3 18. Rd1 Bd7 19. Nb4 a5 20. Nc6 Bxc6 21. dxc6 Qxc6 22. Qc2 Nc5 23. Nxb5 Rxb5 24. Bxb5 Qxb5 25. Rxd6 Na4 26. Rhd1 h6 27. Rd8 Kh7 28. Ka2 Nb6 29. Qb3 Qxb3+ 30. Kxb3 Rxd8 31. Rxd8 Nfd7 32. Bxb6 Nxb6 33. Rb8 Nd7 34. Rb5 f5 35. Rxa5 fxe4 36. fxe4 Kg8 37. Kc4 Kf7 38. Ra7 Ke8 39. b4 g5 40. a4 Kd8 41. a5 Bf8 42. b5 Kc8 43. b6 Bd6 44. Kd5 Bb8 45. Rxd7 Kxd7 46. a6 Kc8 47. Kc6 1-0

[Event "Medellin Easter op"]
[Site "Medellin"]
[Date "2015.??.??"]
[Round "4"]
[White "Suarez, Luis Humberto"]
[Black "Lopez Ramirez, Jorge Hernan"]
[Result "1-0"]
[WhiteElo "2087"]
[BlackElo "2026"]
[PlyCount "73"]
[EventDate "2015.04.01"]
[EventType "swiss"]
[EventRounds "9"]
[EventCountry "COL"]
[SourceTitle "CBM 165 Extra"]
[Source "ChessBase"]
[SourceDate "2015.04.21"]
[SourceVersion "1"]
[SourceVersionDate "2015.04.21"]
[SourceQuality "1"]

1. e4 c5 2. Nf3 Nc6 3. Bb5 d6 4. d4 cxd4 5. Nxd4 Bd7 6. Nc3 Nf6 7. 0-0 e6 8. a4 Be7 9. Nb3 0-0 10. Be2 Nb4 11. f4 Qb6+ 12. Kh1 Rfd8 13. Bf3 Bc6 14. a5 Qc7 15. Qe2 d5 16. e5 Ne4 17. Nd1 Qd7 18. Nd4 f6 19. c3 Bc5 20. Nxc6 Nxc6 21. exf6 Nxf6 22. b4 Bf8 23. Be3 e5 24. fxe5 Nxe5 25. Bd4 Nxf3 26. Qxf3 Ne4 27. Qd3 Be7 28. Ne3 Bf6 29. Rad1 Rac8 30. Bxf6 Nxf6 31. Qd4 Qc6 32. Nf5 Rd7 33. Rf3 Qe6 34. Rdf1 Ne4 35. Kg1 a6 36. Ne3 Nxc3 37. Qxc3 1-0

[Event "Bogota University op 8th"]
[Site "Bogota"]
[Date "2014.10.12"]
[Round "8"]
[White "Suarez, Luis Humberto"]
[Black "Pazos Gambarrotti, Plinio Efrain"]
[Result "0-1"]
[WhiteElo "2081"]
[BlackElo "2254"]
[PlyCount "108"]
[EventDate "2014.10.09"]
[EventType "swiss"]
[EventRounds "9"]
[EventCountry "COL"]
[SourceTitle "EXT 2015"]
[Source "ChessBase"]
[SourceDate "2014.11.20"]
[SourceVersion "1"]
[SourceVersionDate "2014.11.20"]
[SourceQuality "1"]

1. e4 e6 2. d4 d5 3. Nd2 Nc6 4. Ngf3 Nf6 5. e5 Nd7 6. c3 f6 7. exf6 Qxf6 8. Be2 Bd6 9. Nf1 0-0 10. Ng3 Nb6 11. 0-0 e5 12. dxe5 Nxe5 13. Nxe5 Bxe5 14. Be3 c6 15. f4 Bd6 16. Bd4 Qe7 17. Bd3 Bc5 18. Bxc5 Qxc5+ 19. Kh1 Qd6 20. Qh5 g6 21. Qh6 Rf6 22. Rae1 Bd7 23. Nh5 Rf7 24. f5 Qf8 25. Qg5 Bxf5 26. Bxf5 Rxf5 27. Nf6+ Kh8 28. Rxf5 gxf5 29. Re3 Qg7 30. Qxf5 Rf8 31. Re8 Rxe8 32. Nxe8 Qe7 33. Qf6+ Qxf6 34. Nxf6 Na4 35. Ng4 Nxb2 36. Ne3 Na4 37. Nd1 Kg7 38. Kg1 Kf6 39. Kf2 Ke5 40. Ke2 b5 41. Kd3 Nc5+ 42. Kc2 Ne4 43. Nb2 Nf2 44. Kd2 Ke4 45. Ke2 Ng4 46. h3 Ne5 47. g3 c5 48. Nd1 d4 49. Nf2+ Kd5 50. cxd4 cxd4 51. g4 a5 52. Nd3 Nxd3 53. Kxd3 b4 54. g5 a4 0-1

[Event "Bogota University op 7th"]
[Site "Bogota"]
[Date "2013.10.13"]
[Round "8"]
[White "Manrique, Fernando"]
[Black "Suarez, Luis Humberto"]
[Result "1-0"]
[WhiteElo "1967"]
[BlackElo "2091"]
[PlyCount "51"]
[EventDate "2013.10.10"]
[EventType "swiss"]
[EventRounds "9"]
[EventCountry "COL"]
[SourceTitle "CBM 156 Extra"]
[Source "ChessBase"]
[SourceDate "2013.10.22"]
[SourceVersion "1"]
[SourceVersionDate "2013.10.22"]
[SourceQuality "1"]

1. e4 c5 2. Nf3 d6 3. d4 cxd4 4. Nxd4 Nf6 5. Nc3 a6 6. Bg5 e6 7. f4 Nbd7 8. Qf3 Qc7 9. 0-0-0 Rb8 10. g4 b5 11. Bxf6 gxf6 12. Bh3 b4 13. Nd5 exd5 14. exd5 Bb7 15. Rhe1+ Kd8 16. Qe4 Ne5 17. fxe5 fxe5 18. Nc6+ Bxc6 19. dxc6 f6 20. g5 Be7 21. gxf6 Bxf6 22. Qf5 Be7 23. Qxe5 Rf8 24. Qg7 Rb5 25. Bd7 Re5 26. Rxe5 1-0

[Event "Bogota University op 7th"]
[Site "Bogota"]
[Date "2013.10.11"]
[Round "3"]
[White "Suarez, Luis Humberto"]
[Black "Martinez Duany, Lelys Stanley"]
[Result "0-1"]
[WhiteElo "2091"]
[BlackElo "2473"]
[PlyCount "60"]
[EventDate "2013.10.10"]
[EventType "swiss"]
[EventRounds "9"]
[EventCountry "COL"]
[SourceTitle "CBM 156 Extra"]
[Source "ChessBase"]
[SourceDate "2013.10.22"]
[SourceVersion "1"]
[SourceVersionDate "2013.10.22"]
[SourceQuality "1"]

1. d4 Nf6 2. c4 g6 3. Nf3 Bg7 4. Nc3 0-0 5. g3 d6 6. Bg2 Nc6 7. 0-0 a6 8. h3 Rb8 9. e4 e5 10. Be3 exd4 11. Nxd4 Ne5 12. b3 Re8 13. f4 Ned7 14. Bf2 c5 15. Nc2 b5 16. cxb5 axb5 17. b4 Nh5 18. Qd2 Nb6 19. Rab1 Be6 20. Kh2 Qc8 21. bxc5 Nc4 22. Qd3 dxc5 23. Rfd1 Re7 24. Rxb5 Nb2 25. Rxb8 Qxb8 26. Rb1 Nxf4 27. Rxb2 Qxb2 28. Qd8+ Bf8 29. Bxc5 Qxc2 30. gxf4 Bxh3 0-1

[Event "Bogota University op 7th"]
[Site "Bogota"]
[Date "2013.10.10"]
[Round "2"]
[White "Nieto Mancilla, Frank Fernando"]
[Black "Suarez, Luis Humberto"]
[Result "0-1"]
[WhiteElo "1847"]
[BlackElo "2091"]
[PlyCount "27"]
[EventDate "2013.10.10"]
[EventType "swiss"]
[EventRounds "9"]
[EventCountry "COL"]
[SourceTitle "CBM 156 Extra"]
[Source "ChessBase"]
[SourceDate "2013.10.22"]
[SourceVersion "1"]
[SourceVersionDate "2013.10.22"]
[SourceQuality "1"]

1. e4 c5 2. Nc3 Nc6 3. f4 d6 4. Bc4 Nf6 5. d3 e6 6. b3 Be7 7. Nf3 0-0 8. a4 a6 9. 0-0 Rb8 10. Bd2 b5 11. axb5 axb5 12. Bxb5 d5 13. Ne5 Nd4 14. g4 0-1